A TEXT BOOK OF INDIAN SYSTEMS OF MEDICINE ( DR.RAGEEB USMAN (Record no. 280176)

MARC details
000 -LEADER
fixed length control field 00334pam a2200109a 44500
008 - FIXED-LENGTH DATA ELEMENTS--GENERAL INFORMATION
fixed length control field 230405s2020 xxu||||| |||| 00| 0 eng d
041 ## - LANGUAGE CODE
Language code of text/sound track or separate title ENG
100 ## - MAIN ENTRY--PERSONAL NAME
Personal name DR.RAGEEB USMAN / NAMITA JADHAV
245 ## - TITLE STATEMENT
Title A TEXT BOOK OF INDIAN SYSTEMS OF MEDICINE ( DR.RAGEEB USMAN
260 ## - PUBLICATION, DISTRIBUTION, ETC.
Place of publication, distribution, etc. NEW YORK
Name of publisher, distributor, etc. JOHN WILLY & SONS NEW YORK
Date of publication, distribution, etc. 2020
906 ## - LOCAL DATA ELEMENT F, LDF (RLIN)
a 4905

No items available.